The materials selector / (Record no. 32505)

000 -LEADER
fixed length control field 01069cam a22003134a 4500
001 - CONTROL NUMBER
control field 96986
003 - CONTROL NUMBER IDENTIFIER
control field OSt
005 - DATE AND TIME OF LATEST TRANSACTION
control field 20210809143958.0
008 - FIXED-LENGTH DATA ELEMENTS--GENERAL INFORMATION
fixed length control field 960717s1997 enka 001 0 eng
010 ## - LIBRARY OF CONGRESS CONTROL NUMBER
LC control number 96085468
020 ## - INTERNATIONAL STANDARD BOOK NUMBER
International Standard Book Number 0412615509
038 ## - RECORD CONTENT LICENSOR
Staff Name khadija
040 ## - CATALOGING SOURCE
Original cataloging agency DLC
Transcribing agency DLC
Modifying agency DLC
042 ## - AUTHENTICATION CODE
Authentication code pcc
050 00 - LIBRARY OF CONGRESS CALL NUMBER
Classification number TA403
Item number .M3472 1997
082 00 - DEWEY DECIMAL CLASSIFICATION NUMBER
Classification number 620.11
Edition number 21
Author Mark MAT
245 04 - TITLE STATEMENT
Title The materials selector /
Statement of responsibility, etc. edited by Norman A. Waterman and Michael F. Ashby.
250 ## - EDITION STATEMENT
Edition statement 2nd ed.
260 ## - PUBLICATION, DISTRIBUTION, ETC.
Place of publication, distribution, etc. London ;
-- New York :
Name of publisher, distributor, etc. Chapman & Hall,
Date of publication, distribution, etc. 1997.
300 ## - PHYSICAL DESCRIPTION
Extent 3 v. :
Other physical details ill. ;
Dimensions 29 cm.
563 ## - BINDING INFORMATION
Binding note hard cover
650 #0 - SUBJECT ADDED ENTRY--TOPICAL TERM
Topical term or geographic name entry element Materials.
9 (RLIN) 1466
700 1# - ADDED ENTRY--PERSONAL NAME
Personal name Waterman, Norman A.
9 (RLIN) 81330
700 1# - ADDED ENTRY--PERSONAL NAME
Personal name Ashby, M. F.
9 (RLIN) 81331
856 42 - ELECTRONIC LOCATION AND ACCESS
Materials specified Publisher description
Uniform Resource Identifier <a href="http://www.loc.gov/catdir/enhancements/fy0744/96085468-d.html">http://www.loc.gov/catdir/enhancements/fy0744/96085468-d.html</a>
906 ## - LOCAL DATA ELEMENT F, LDF (RLIN)
a 7
b cbc
c orignew
d 2
e opcn
f 19
g y-gencatlg
942 ## - ADDED ENTRY ELEMENTS (KOHA)
Source of classification or shelving scheme
Koha item type Book
Holdings
Withdrawn status Lost status Source of classification or shelving scheme Damaged status Not for loan Permanent Location Current Location Shelving location Date acquired Full call number Barcode Date last seen Price effective from Koha item type Public note
          School of Mechanical & Manufacturing Engineering (SMME) School of Mechanical & Manufacturing Engineering (SMME) Reference 09/30/2015 620.11 MAT SMME-1343 03/28/2018 09/30/2015 Book Rack,10-Shelf,2
          School of Mechanical & Manufacturing Engineering (SMME) School of Mechanical & Manufacturing Engineering (SMME) Reference 09/30/2015 620.11 MAT SMME-1344 03/28/2018 09/30/2015 Book Rack,10-Shelf,2
          School of Mechanical & Manufacturing Engineering (SMME) School of Mechanical & Manufacturing Engineering (SMME) Reference 09/30/2015 620.11 MAT SMME-1345 03/28/2018 09/30/2015 Book Rack,10-Shelf,2
© 2023 Central Library, National University of Sciences and Technology. All Rights Reserved.